000 00413cam a2200157ua 4500
003 OSt
008 250617b |||||||| |||| 00| 0 eng d
041 _aeng
082 _a624.1821
_bSTE/PR
100 _aStewart, David.S .
_97579
245 _aPractical design of simple steel structures Vol I /
250 _a5 /
260 _aLondon :
_bConstable and Company Ltd ,
_c1959.
300 _a224 ; .
942 _cBK
999 _c1928
_d1928